| 000 | 01311nam a2200349 a 4500 | ||
|---|---|---|---|
| 001 | 000116107 | ||
| 003 | CHAP | ||
| 005 | 20220329144601.0 | ||
| 008 | 190911s2019 mx a |sm |||||||spa d | ||
| 010 | _a112568 | ||
| 011 | _a113540 | ||
| 040 | _cCHAP | ||
| 090 | _aTesis | ||
| 100 | 1 |
_aVazquez Montes, Raúl. _9136856 |
|
| 245 | 1 | 0 |
_aProyecto red de proveedores de ovinos, en el Municipio de Pinos, Zacatecas _h[En línea] _cRaúl Vazquez Montes. |
| 260 |
_aBermejillo, Durango, Méx. : _BEl autor, _c2019. |
||
| 500 | _aPara ver el contenido del material haga clic en la liga | ||
| 502 | _aTesis (Ing. Agr. en Sistemas Pecuarios de Zonas Aridas) -- UACH. Dirección General de Control Regional | ||
| 590 |
_aBATCH-UPD _b05 _c20190911 _lUCH01 _h1111 |
||
| 590 |
_aE6339RRR _b05 _c20190911 _lUCH01 _h1110 |
||
| 590 |
_aE6339RRR _b05 _c20190911 _lUCH01 _h1110 |
||
| 590 |
_aE6339RRR _b05 _c20190911 _lUCH01 _h1124 |
||
| 590 |
_aE6339RRR _b05 _c20190911 _lUCH01 _h1246 |
||
| 650 | 1 | 4 |
_aGanado lanar _xMercadeo. _945195 |
| 650 | 1 | 4 |
_aGanado lanar _xProducción. _945214 |
| 650 | 1 | 4 |
_aGanado lanar _xZacatecas. _945233 |
| 650 | 1 | 4 |
_aOrganización de productores _xCapacitación. _9134045 |
| 856 |
_aFinding aid _uhttp://10.13.5.2/tesis/sist116107.pdf _zTeclea aquí |
||
| 901 | _aBK | ||
| 942 | _cTESIS | ||
| 942 | _n0 | ||
| 999 |
_c112568 _d112568 |
||